| 000 | 00644 a2200205 4500 | ||
|---|---|---|---|
| 999 |
_c4372 _d4372 |
||
| 010 | _aENG-86257 | ||
| 020 |
_a9788120330307 _c395.00 |
||
| 035 | _aEN-69790 | ||
| 037 | _bDBAD / PUB | ||
| 082 | 1 | 4 | _a621.3822 |
| 100 | _aProakis, John G. | ||
| 245 | 1 |
_aDigital signal processing / _cby John G.Proakis [and] Dimitris G.Manolakis |
|
| 250 | _a4th ed. | ||
| 260 |
_aNew Delhi _bPrentice-Hall of India _c2006 |
||
| 270 |
_aM-97, Connaught Circus _bNew Delhi _cNew Delhi _e110 001 |
||
| 300 |
_axix, 1084p. _c24cm. (Pbk) |
||
| 500 | _aIncludes index | ||
| 700 | _aManolakis, Dimitris G. | ||
| 942 |
_adpl _cEN _2ddc _h621.3822 _mPRO |
||